| 000 | 00520nam a22001817a 4500 | ||
|---|---|---|---|
| 005 | 20240429093434.0 | ||
| 008 | 240429b |||||||| |||| 00| 0 eng d | ||
| 020 | _a9781451102550 | ||
| 082 |
_a615 _bHUN-O |
||
| 100 | _aHunt Thomas R. | ||
| 245 |
_aOperative techniques in hand,Wrist,and forearm Surgery / _cHunt Thomas R, Sam W Wiesel |
||
| 260 |
_aChina : _bLippincott : _c2011. |
||
| 300 |
_axxi. _bill; _c27cm. |
||
| 500 | _ainclude index . | ||
| 650 | _aMedical / Surgery | ||
| 700 | _aSam W Wiesel | ||
| 999 |
_c35615 _d35615 |
||